History Quiz

Random History or Famous Quiz
Score 0/16 Timer 05:00
1 Play Today
Reign Queen % Correct
Pharaoh of Egypt
c. 51 - 30 (B.C.)
Cleopatra VII
95.6%
Queen of England
1558 - 1603
Elizabeth I
91.5%
Queen of Russia
1762 - 1796
Catherine the Great
90.7%
Queen of United Kingdom
1952 - present
Elizabeth II
89.5%
Queen of United Kingdom
1837 - 1901
Victoria
88.9%
Queen of Scotland
1542 - 1567
Mary Queen of Scots
88.6%
Queen of France and Navarre
1774 - 1792
Marie-Antoinette
71.2%
Queen of Castile
1474 - 1504
Isabella I
62.6%
Reign Queen % Correct
Queen of England/UK
1702 - 1714
Anne
62.4%
Queen Consort of Egypt
??? - c. 1330 (B.C.)
Nefertiti
40.7%
Queen of the Iceni
60 - 61
Boudica
33.7%
Queen of the Netherlands
1980 - 2013
Beatrix
29.3%
Empress Consort of the Holy Roman Empire
1745 - 1765
Maria Theresa
22.4%
Pharaoh of Egypt
1479 - 1459 (B.C.)
Hatshepsut
18.3%
Queen of Castile and León
1504 - 1555
Joanna the Mad
11.8%
Empress of China
690 - 705
Wu-Zetian
10.8%
Remove Ads.
Support Sporcle.
Get the best of Sporcle when you Go Orange. This ad-free experience offers more features, more stats, and more fun while also helping to support Sporcle. Thank you for becoming a member.

You're not logged in!

Compare scores with friends on all Sporcle quizzes.
OR
Log In

Sporcle TV

Today on Sporcle TV


Watch our educational content, quiz creation guides, and fun videos on Sporcle TV.

Show Comments

Extras

Top Quizzes Today


Score Distribution

Paid Content

Your Account Isn't Verified!

In order to create a playlist on Sporcle, you need to verify the email address you used during registration. Go to your Sporcle Settings to finish the process.

Report this User

Report this user for behavior that violates our Community Guidelines.

Details: